000 00309nam a2200133Ia 4500
100 _aMccracken D.D
942 _cBK
654 _ascience with pascal
245 _aSecond course in computer science with pascal
260 _bJohn wiley
_aSingapore
_c1987
300 _a429
546 _aENGLISH
999 _c21556
_d21556